ბათუმის შოთა რუსთაველის სახელმწიფო უნივერსიტეტის ბიბლიოთეკა

ლექსები, პოემები, მოთხრობები. (ბიბ.ჩანაწერი № 41754)

000 -LEADER
fixed length control field 00801nam a2200217Ia 4500
001 - CONTROL NUMBER
control field 8435
003 - CONTROL NUMBER IDENTIFIER
control field GE_BSU
008 - FIXED-LENGTH DATA ELEMENTS--GENERAL INFORMATION
fixed length control field 181216s||||||||xx |||||||||||||| ||und||
040 ## - CATALOGING SOURCE
Transcribing agency GE_BSU
080 ## - UNIVERSAL DECIMAL CLASSIFICATION NUMBER
Universal Decimal Classification number 821.353.1-11
100 ## - MAIN ENTRY--PERSONAL NAME
Personal name ვაჟა-ფშაველა
245 ## - TITLE STATEMENT
Title ლექსები, პოემები, მოთხრობები.
245 ## - TITLE STATEMENT
Statement of responsibility, etc. შემდგ: გულიკო შერვაშიძე; რედ: დავით თედორაძე; მხატვ: ზურაბ ხაბაძე.
260 ## - PUBLICATION, DISTRIBUTION, ETC.
Place of publication, distribution, etc. ბათუმი.
260 ## - PUBLICATION, DISTRIBUTION, ETC.
Name of publisher, distributor, etc. აჭარა
260 ## - PUBLICATION, DISTRIBUTION, ETC.
Date of publication, distribution, etc. 1997
300 ## - PHYSICAL DESCRIPTION
Extent 200 გვ; ილ; 26 სმ.
653 ## - INDEX TERM--UNCONTROLLED
Uncontrolled term ლექსები, პოემები, მოთხრობები.
942 ## - ADDED ENTRY ELEMENTS (KOHA)
Koha item type წიგნი
ეგზემპლარები
Withdrawn status Lost status Damaged status Not for loan Date acquired Barcode Date last seen Price effective from Koha item type
        2018-12-17 30553 2018-12-17 2018-12-17 წიგნი